=LDR 00000nam 2200000 4500 =001 INLIS000000000015186 =005 20130612110452 =008 ***********************************Ind** =035 ##$$0010-061300000015186 =041 ##$$a Ind =082 ##$$a 638.401 =090 ##$$a 658.401, THO p =100 ##$$a Thomas, Chanks E.ST =245 ##$$a Perencanan Perusahaan Produksi, Chrles E.St.Thomas;Penerjemah: W. Baharudin =250 ##$$a Seri Manajemen no.37 =260 ##$$a 1971 $b Jakarta =300 ##$$a 125, Ilus, 21cm =650 ##$$a Manajemen-Perencanaan Bisnis =700 ##$$a Baharudin =850 ##$$a NBPNMAT